000 01032nam a2200265 a 4500
003 AM-YEHGA
005 20250617163648.0
008 210512s2019 yu a||||r|||||000|0|arm||
020 _a9788680606026
040 _aAM-YeHGA
041 0 _aarm
041 0 _asrp
100 1 _aԲալայան, Անուշ
245 1 0 _aԿարոտի ծառ :
_b[Բանաստեղծությունների երկլեզու ժողովածու] = Дрво чежнењe /
_cԱ. Բալայան ; Նկարադարդումը՝ Ա. Բալայան, Ս. Վոյնովիչ.
246 1 1 _aДрво чежнењe
260 _aԲելգրադ :
_bАкција за слепе,
_c2019.
300 _a127 էջ :
_bնկար ;
_c21 սմ.
546 _aԲնագիրը՝ զուգահեռ հայերեն և սերբերեն:
650 1 4 _aՀայ պոեզիա
700 1 _aԲալայան, Անի
_eնկարազարդում
_4ill
700 1 _aՎոյնովիչ, Սոֆյա
_eնկարազարդում
_4ill
942 _2udc
_cBK
001 1767141
090 _c514047
999 _c510576
_d510576